| 000 | 00726cam a2200217 4500 | ||
|---|---|---|---|
| 001 | WB3539-25 | ||
| 008 | 000000n1999 000 0 eng u | ||
| 035 | _a(Sirsi) u100306 | ||
| 245 | _aOutright ownership Bill ends feudal tenure | ||
| 260 | _c1999 | ||
| 490 |
_aHerald _v 7 October 1999, 7(1) |
||
| 520 | _aThe Abolition of Feudal Tenure bill introduced in Scotland as part of a wider package of land reform measures, will replace feudal tenure with a system of outright ownership. | ||
| 590 | _aWB | ||
| 650 | _aABOLITION OF FEUDAL TENURE BILL | ||
| 650 | _aOUTRIGHT OWNERSHIP | ||
| 650 | _aFEUDAL SYSTEM | ||
| 650 | _aSCOTLAND | ||
| 650 | _aLAND REFORM | ||
| 690 | _aPROPERTY LAW AND PRACTICE | ||
| 942 | _n0 | ||
| 999 |
_c60053 _d60053 |
||